[Event "IND-ch U13 35th"]
[Site "Puducherry"]
[Date "2022.12.11"]
[Round "1"]
[White "Sriram Sundar, V."]
[Black "Aarav, Sinha"]
[Result "0-1"]
[WhiteElo "1203"]
[BlackElo "1854"]
[PlyCount "90"]
[EventDate "2022.12.11"]
[EventType "swiss"]
[EventRounds "11"]
[EventCountry "IND"]
[SourceTitle "EXT 2024"]
[Source "ChessBase"]
[SourceDate "2023.10.10"]
[SourceVersion "1"]
[SourceVersionDate "2023.10.10"]
[SourceQuality "1"]

1. e4 c5 2. Nf3 e6 3. d4 cxd4 4. Nxd4 a6 5. Nc3 b5 6. a3 Bb7 7. Bd3 Nc6 8. Be3 Be7 9. Qd2 Nf6 10. f3 Ne5 11. h3 d5 12. exd5 Nxd3+ 13. Qxd3 Nxd5 14. Nxd5 Bxd5 15. 0-0-0 Bf6 16. Rhe1 0-0 17. Ne2 Qa5 18. Nf4 Bc4 19. Qd2 Qc7 20. Qd6 Qxd6 21. Rxd6 Rfc8 22. Kb1 b4 23. a4 b3 24. c3 Rd8 25. Red1 g5 26. Nh5 Be7 27. Rxd8+ Rxd8 28. Rxd8+ Bxd8 29. Bd4 f5 30. Nf6+ Kf7 31. Nd7 Bf1 32. g3 Bxh3 33. Nc5 Bg2 34. f4 gxf4 35. gxf4 Bc7 36. Nxb3 Bxf4 37. Kc2 h5 38. Bf2 Bg5 39. Kd1 h4 40. Ke2 h3 41. Bg3 f4 42. Bh2 f3+ 43. Kf2 Bh4+ 44. Ke3 Be1 45. Bg3 Bxg3 0-1